Histoire de la Rome antique - Statistiques

Statistiques générales
  • Ce quiz a été pris 378 fois
  • Le résultat moyen est 11 sur 15
Statistiques - réponses
Question Réponse % Correct
Après s'être rendu maître de l'Italie, face à quelle autre grande cité Rome se retrouve-t-elle en compétition ? Carthage
90%
Après le départ de ce roi, quel régime est instauré à Rome ? Une république
90%
Les origines exactes de la ville de Rome restent mystérieuses... Seules les légendes racontées par des auteurs latins nous restent. D'après elles, par quel grand personnage la ville fut-elle fondée ? Romulus
89%
Lors de la deuxième de ces guerres, un grand général de la cité adverse fait trembler Rome en lui infligeant d'humiliantes défaites. Quel est son nom ? Hannibal
88%
Comment s'appellent les trois guerres que les deux cités vont se livrer ? Les guerres puniques
85%
D'après les mêmes récits, quelle fut sa date de création ? 753 avant JC
82%
L'Empire romain d'Occident fut le premier à s'effondrer. En quelle année est-ce arrivé ? 476
78%
Règnant entre 54 et 68 après JC, Néron est considéré comme l'un des plus grands tyrans ayant gouverné Rome. Dans quel évènement marquant est-il soupçonné d'être impliqué ? Le grand incendie de Rome
77%
La guerre civile se termine avec l'avènement du premier empereur romain. Qui est-il ? Auguste, neveu de César
76%
L'Empire romain est divisé en deux en 286 après JC : à l'ouest, l'Empire romain d'Occident avec Rome pour capitale et à l'est l'Empire romain d'Orient avec pour capitale... Byzance
76%
Bien plus tard, alors que Rome domine la Méditerranée, la cité est gouvernée par un triumvirat, c'est-à-dire par trois dirigeants. Quels généraux bien connus formèrent ce triumvirat à Rome ? César, Crassus et Pompée
72%
Dans un premier temps, Rome fut gouvernée par des rois. Quel est le nom du dernier d'entre eux, qui fut chassé de la ville en 509 avant JC ? Tarquin le Superbe
68%
Très vite, Rome prend le contrôle de la péninsule italienne. Mais cela ne se fait pas sans batailles. Rome doit notamment affronter un roi grec, venu d'Épire pour aider les cités grecques du sud de l'Italie. Quel est son nom ? Pyrrhus
57%
En 48 avant JC a lieu la bataille de Pharsale qui opposa César à Pompée. Quelle est la raison de cette guerre entre Romains ? Pompée est chargé par le Sénat de combattre César car ce dernier est considéré comme dangereux pour la République.
49%
Toujours d'après les légendes, Rome fut plusieurs fois assiégée et pillée, notamment par un chef gaulois, célèbre pour avoir prononcé les mots "vae victis", c'est-à-dire "malheur aux vaincus !". Quel est son nom ? Brennus
44%
Aucun quiz correspondant
Distribution des résultats
% des personnes avec chaque résultat
Percentile par nombre de réponses
Votre historique - résultats
Vous n’avez pas pris ce quiz